000 00589nam a2200181Ia 4500
008 140529s9999 xx 000 0 und d
020 _a9781111307714
050 _aTX 911.3.M33
_b.St75 2012
100 _aStrianese, Anthony J.
245 _aMath principles for food service occupations /
_cAnthony J. Strianese, Pamela P. Strianese
250 _a6th ed.
260 _aClifton Park, NY :
_bDelmar, Cengage Learning,
_cc2012.
300 _a373 p. :
_bcol. ill.;
_c28 cm.
500 _aIncludes appendices, glossary and index.
521 _aBSBA
942 _kFOR
_cBK
999 _c117841
_d117841